| 000 | 00000cam 2200000zi 4500 |
| 001 | 9.957950 |
| 003 | CaOODSP |
| 005 | 20260604151526 |
| 006 | m o d f |
| 007 | cr bn||||||||| |
| 008 | 251203t20252025onc o f000 0 fre d |
| 020 | |a9780660975603 |
| 040 | |aCaOODSP|bfre|erda|cCaOODSP |
| 043 | |an-cn--- |
| 086 | 1 |aBT42-402/2026F-PDF |
| 245 | 00|aContrôle de la circulation aérienne (AI) convention entre le Conseil du Trésor et l’Association canadienne du contrôle du trafic aérien (ACCTA) Unifor, section locale 5454 : |bgroupe : contrôle de la circulation aérienne. |
| 264 | 1|aOttawa ON : |bSecrétariat du Conseil du trésor du Canada = Treasury Board of Canada Secretariat, |c2025 |
| 264 | 4|c©2025 |
| 300 | |a1 ressource en ligne (88 pages) |
| 336 | |atexte|btxt|2rdacontent/fre |
| 337 | |ainformatique|bc|2rdamedia/fre |
| 338 | |aressource en ligne|bcr|2rdacarrier/fre |
| 500 | |aPublié aussi en anglais sous le titre : Air Traffic Control (AI) agreement between the Treasury Board and the Canadian Air Traffic Control Association (CATCA) Unifor Local 5454 : group: air traffic control (all employees). |
| 500 | |aTitre de la couverture. |
| 500 | |a« Code : 402. » |
| 500 | |a« Date d'expiration: le 30 juin 2026. » |
| 500 | |a« Publié : le 2025-12-15. » |
| 650 | 6|aConventions collectives|xFonctionnaires|zCanada. |
| 710 | 1 |aCanada. |bConseil du trésor, |eorganisme de publication. |
| 775 | 08|tAir Traffic Control (AI) agreement between the Treasury Board and the Canadian Air Traffic Control Association (CATCA) Unifor Local 5454 : |w(CaOODSP)9.957949 |
| 795 | |tConvention entre le Conseil du Trésor et l’Association canadienne du contrôle du traficaérien (ACCTA) Unifor, section locale 5454 : |w(CaOODSP)9.880866 |
| 856 | 40|qPDF|s1.17 Ko|uhttps://publications.gc.ca/collections/collection_2026/sct-tbs/BT42-402-2026-fra.pdf |
| 856 | 4 |qHTML|sS.O.|uhttps://www.canada.ca/fr/secretariat-conseil-tresor/sujets/remuneration/conventions-collectives/ai.html |